| 000 | 00848nam a2200241 i 4500 | ||
|---|---|---|---|
| 001 | 108153 | ||
| 003 | ES-MaACL | ||
| 005 | 20250831121745.0 | ||
| 007 | t| | ||
| 008 | 070125s1967 sp ||||1| spa d | ||
| 080 | _a335.5(04) | ||
| 100 | 1 |
_aLange, Oskar. _970026 |
|
| 245 | 1 | 0 |
_aSobre la teoría económica del socialismo / _cOskar Lange y Fred M. Taylor ; selección e introducción por Benjamín E. Lippincott ; [traducción de Antonio Bosch Domenech y Alfredo Pastor Bodmer. |
| 260 |
_aBarcelona : _bBosch, _c[1967] |
||
| 300 |
_a158 p. ; _c19 cm. |
||
| 650 | 1 | 7 |
_aSocialismo _2embne _917147 |
| 700 | 1 |
_aTaylor, Fred M. _9109444 |
|
| 700 | 1 |
_aLippincott, Benjamin E. _972501 |
|
| 700 | 1 |
_aBosch Domènech, Antoni. _930654 |
|
| 700 | 1 |
_aPastor, Alfredo, _d1944- _989471 |
|
| 852 |
_aES-MaACL _jC-32507 _bR.63172 |
||
| 999 |
_c108153 _d108153 |
||